Ψυχολογία του παιδικού χαρακτήρα
Αποθηκεύτηκε σε:
| Κύριος συγγραφέας: | |
|---|---|
| Μορφή: | Βιβλίο |
| Γλώσσα: | Greek |
| Δημοσίευση: |
Αθήνα :
Κοροντζής,
1982
|
| Σειρά: | Νευροψυχολογία της ανθρώπινης εξέλιξης ;
; 3 |
| Θέματα: | |
| Ετικέτες: |
Προσθήκη ετικέτας
Δεν υπάρχουν, Καταχωρήστε ετικέτα πρώτοι!
|
MARC
| LEADER | 00000cam a2200000 i 4500 | ||
|---|---|---|---|
| 001 | 1/84231 | ||
| 008 | 960627s1982 gr | ||| |||| ||gre|| | ||
| 035 | |a 1987 |c Αγορά |l 10034393 | ||
| 040 | |a GR-MY-UA |b gre |e aacr | ||
| 041 | 0 | |a gre | |
| 082 | 0 | |a 155.4 | |
| 100 | 1 | |a Καλύβα, Ελπίδα. | |
| 245 | 1 | 0 | |a Ψυχολογία του παιδικού χαρακτήρα / |c Ελπίδα Καλύβα |
| 260 | |a Αθήνα : |b Κοροντζής, |c 1982 | ||
| 300 | |a 126 σ. | ||
| 490 | 1 | |a Νευροψυχολογία της ανθρώπινης εξέλιξης |v ; 3 | |
| 650 | 0 | 0 | |a Child psychology. |
| 650 | 0 | 0 | |a Personality in children. |
| 830 | 0 | |a Νευροψυχολογία της ανθρώπινης εξέλιξης ; |v ; 3 | |
| 852 | |a INST |b RHODES |e 19960627 |h 155.4 ΚΑΛ |p 005400004904 |q 005400004904 |t BK |y 0 | ||
| 909 | |a Ρ |b 006891 |c 1987 | ||